000 00547nam a2200193Ia 4500
003 GCL
008 140319s9999 xx 000 0 ara d
020 _a7638208977
040 _aGCL /
_cGCL
082 0 4 _a813.03
_bي ل
100 1 _aيوسف ابو رية
245 1 0 _aليلة عرس /
_cيوسف ابو رية
250 _aالثانية
260 _aالقاهرة :
_bمكتبة مدبولى ،
_c2006
300 _a164 ص ؛
_c19 سم
650 0 4 _aالادب العربى
650 0 4 _aالقصص العربية
942 _2ddc
_cBK
999 _c9493
_d9493